000 01880cam a22004934i 4500
003 PE-LiUPU
005 20250731180132.0
008 150625s r 000 0 d
035 _a(Sirsi) a37217
040 _aPE-LiUPU
_bspa
_cPE-LiUPU
_erda
082 0 4 _a511.3
_bA19E
_221
100 1 _aAcuña Casas, Raúl,
_eautor.
245 1 0 _aEnseñanza de las relaciones entre conjuntos a través de las máquinas lógicas :
_bRaúl Acuña Casas.
264 1 _aÑaña, Lima :
_bInstituto de Investigación de Ingenería,
_c1997.
300 _a89 páginas :
_bilustraciones, figuras ;
_c21 cm.
336 _atext
_2rdacontent
337 _aunmediated
_2rdamedia
338 _avolume
_2rdacarrier
500 _a8 h. adicionalesIncluye referencias bibliográficasNivel primario.
505 0 _aIntroducción de la investigación. -Marco teórico conceptual. -Descripción del tipo de investigación. -Diseño de la investigación. -Definición de la población. -Plan de recogida de datos. -Análisis de los resultados obtenidos.
526 _aSEG44
526 _aSEG26
526 _aP159
526 _aP155
526 _aP154
526 _aP153
526 _aP150
526 _aP100
526 _aP31
526 _aP30
526 _aP26
526 _aP25
526 _aP24
526 _aP22
526 _aP15
526 _aP10
650 0 4 _aTeoría de los conjuntos
_xRelaciones Enseñanza-Aprendizaje (Educación Primaria).
910 _a
942 _2ddc
_cBOOK
949 _a511.3 A19E
_wDEWEY
_c1
_i54702
_lCCODEBUL1
_mBUL
_p00.00
_r0
_sY
_tBOOK
_u2015-06-25
_xBIBLIOTECA
_zUNKNOWN
_0COMPRA
_o.STAFF. Colección General
596 _a1
999 _a511.3 A19E
_wDEWEY
_c45376
_i54702
_f2021-11-5
_g5
_lCCODEBUL1
_mBUL
_r0
_sN
_tBOOK
_u2015-6-25
_xBIBLIOTECA
_zUNKNOWN
_0COMPRA
_o.STAFF. Colección General
_d45376
980 _81
_gALBERTO SANCHEZ Responsable de Automatización